Índices de daño del edificio María Auxiliadora resultantes después del sismo de Alajuela del 22/12/1990
में बचाया:
| मुख्य लेखक: | |
|---|---|
| स्वरूप: | पुस्तक |
| प्रकाशित: |
San José, Costa Rica
1997
|
| विषय: | |
| टैग: |
टैग जोड़ें
कोई टैग नहीं, इस रिकॉर्ड को टैग करने वाले पहले व्यक्ति बनें!
|
MARC
| LEADER | 00000nam a2200000Ia 4500 | ||
|---|---|---|---|
| 003 | 008214 | ||
| 005 | 20240821143253.0 | ||
| 008 | 140114s1997 cr a m 000 ||s d | ||
| 040 | |c cru CEDI | ||
| 090 | |a TFG 3670 | ||
| 100 | |a Carranza Solano, Mauricio Alberto, 1966- |9 3583 | ||
| 245 | |a Índices de daño del edificio María Auxiliadora resultantes después del sismo de Alajuela del 22/12/1990 | ||
| 260 | |a San José, Costa Rica |c 1997 | ||
| 300 | |a vii, 85 hojas : ilustraciones | ||
| 500 | |a Proyecto de graduación (licenciatura en ingeniería civil)--Universidad de Costa Rica. Facultad de Ingeniería. Escuela de Ingeniería Civil | ||
| 501 | |a Director de Trabajo de Graduación: Ing. Miguel Cruz, Ph.D | ||
| 650 | |x ANALISIS ESTRUCTURAL (INGENIERIA) |x RESISTENCIA A LOS TERREMOTOS |9 9517 | ||
| 942 | |c TFG |h TFG 3670 |i 008214 |6 TFG_3670_008214000000000 | ||
| 999 | |c 18849 |d 18849 | ||
